000 00674nam a2200229Ia 4500
003 OSt
005 20220918204716.0
006 a|||||r|||| 00| 0
007 ta
008 220917b |||||||| |||| 00| 0 eng d
024 _a113,817
037 _cTextual
040 _aARTS
_cARTS
_beng
041 _2eng
_aeng
082 _aV58:1:N, J2 (GE)
100 _aKornilov Alexander
_9112832
245 0 _aModern Russian history from the age of Catherine the great to the end of the nineteenth century , tr by Alexander S Kaun
260 _c1952
650 _aHISTORY
942 _hV58:1:N, J2 (GE)
_cTEXL
_2CC
999 _c237148
_d237148